[Event "Cap Aurora FISCA op"]
[Site "Cap Aurora"]
[Date "2022.06.28"]
[Round "8"]
[White "Girmacea, Bogdan"]
[Black "Miron, Iurii"]
[Result "1-0"]
[WhiteElo "2133"]
[BlackElo "1769"]
[PlyCount "93"]
[EventDate "2022.06.22"]
[EventType "swiss"]
[EventRounds "9"]
[EventCountry "ROU"]
[SourceTitle "EXT 2023"]
[Source "ChessBase"]
[SourceDate "2022.10.05"]
[SourceVersion "1"]
[SourceVersionDate "2022.10.05"]
[SourceQuality "1"]

1. d4 Nf6 2. Nf3 e6 3. c4 c5 4. d5 exd5 5. cxd5 d6 6. Nc3 g6 7. Nd2 Bg7 8. e4 0-0 9. Be2 Na6 10. 0-0 Nc7 11. a4 b6 12. Re1 Nfe8 13. Nf1 f5 14. exf5 Bxf5 15. Ng3 Bd4 16. Bf3 Qh4 17. Be3 Nf6 18. Nxf5 gxf5 19. g3 Qh3 20. Bxd4 cxd4 21. Qxd4 Rf7 22. Re2 Qh6 23. Rae1 Qg7 24. Qf4 Rd8 25. Qxf5 Nd7 26. Qh5 Rdf8 27. Bg2 Rf5 28. Qh4 Ne5 29. f4 Nd3 30. Rf1 R8f6 31. Be4 Rxf4 32. Qxh7+ Qxh7 33. Bxh7+ Kxh7 34. gxf4 Rf7 35. Rf3 Nb4 36. Rg2 Rg7 37. Rh3+ Kg8 38. Rh6 Ncxd5 39. Nxd5 Nxd5 40. Rxg7+ Kxg7 41. Rxd6 Nxf4 42. Rd7+ Kf6 43. Rxa7 Ke5 44. Ra6 Nd5 45. a5 b5 46. Rh6 Kd4 47. Rd6 1-0

[Event "Predeal op"]
[Site "Predeal"]
[Date "2007.??.??"]
[Round "?"]
[White "Grigore, George Gabriel"]
[Black "Girmacea, Bogdan"]
[Result "1-0"]
[WhiteElo "2534"]
[BlackElo "2092"]
[PlyCount "49"]
[EventDate "2007.08.12"]
[EventType "swiss"]
[EventRounds "9"]
[EventCountry "ROU"]
[SourceTitle "CBM 119 Extra"]
[Source "ChessBase"]
[SourceDate "2007.09.04"]
[SourceVersion "1"]
[SourceVersionDate "2007.09.04"]
[SourceQuality "1"]

1. d4 e6 2. c4 Nf6 3. Nc3 Bb4 4. Qc2 0-0 5. a3 Bxc3+ 6. Qxc3 b6 7. Bg5 Ba6 8. Qf3 Nc6 9. e3 Na5 10. Rc1 c5 11. d5 exd5 12. cxd5 Bxf1 13. Kxf1 Re8 14. Nh3 Ne4 15. Bxd8 Nd2+ 16. Ke2 Nxf3 17. Bc7 Nd4+ 18. Kd3 Nb5 19. Bg3 c4+ 20. Kc2 c3 21. a4 Nc4 22. b3 Nba3+ 23. Kxc3 Ne5 24. Bxe5 Rxe5 25. Kb2 1-0